[Event "ODJM B 2025"]
[Site "Willingen GER"]
[Date "2025.06.10"]
[Round "4"]
[White "Wang, Enya Marie"]
[Black "Schille, Marlene"]
[Result "1/2-1/2"]
[Termination "normal"]
[Board "46"]
[WhiteElo "1649"]
[BlackElo "1461"]
[WhiteClock "00:21:16"]
[BlackClock "00:21:22"]
[PlyCount "96"]
[WhiteFideId "34660330"]
[BlackFideId "533000670"]
[EventCountry "GER"]
[EventRounds "9"]
[EventType "swiss"]
[EventDate "2025.06.07"]

1. e4 {[%clk 01:30:59]} c5 {[%clk 01:30:52]} {[%emt 00:00:09]} 2. c3 {[%clk
01:31:23]} {[%emt 00:00:05]} Nf6 {[%clk 01:31:14]} {[%emt 00:00:08]} 3. e5
{[%clk 01:31:47]} {[%emt 00:00:06]} Nd5 {[%clk 01:31:30]} {[%emt 00:00:14]} 4.
Nf3 {[%clk 01:32:08]} {[%emt 00:00:09]} Nc6 {[%clk 01:31:37]} {[%emt 00:00:24]}
5. Bc4 {[%clk 01:32:22]} {[%emt 00:00:16]} Nb6 {[%clk 01:31:44]} {[%emt
00:00:22]} 6. Bb3 {[%clk 01:32:44]} {[%emt 00:00:08]} c4 {[%clk 01:31:14]}
{[%emt 00:01:01]} 7. Bc2 {[%clk 01:33:05]} {[%emt 00:00:09]} d6 {[%clk
01:31:11]} {[%emt 00:00:33]} 8. exd6 {[%clk 01:32:27]} {[%emt 00:01:08]} Qxd6
{[%clk 01:30:21]} {[%emt 00:01:21]} 9. O-O {[%clk 01:31:38]} {[%emt 00:01:19]}
Bg4 {[%clk 01:27:52]} {[%emt 00:02:59]} 10. d4 {[%clk 01:24:55]} {[%emt
00:07:13]} cxd3 {[%clk 01:21:05]} {[%emt 00:07:16]} 11. Bxd3 {[%clk 01:23:21]}
{[%emt 00:02:04]} e6 {[%clk 01:14:51]} {[%emt 00:06:45]} 12. Qe2 {[%clk
01:17:45]} {[%emt 00:06:06]} Be7 {[%clk 01:08:00]} {[%emt 00:07:20]} 13. Nbd2
{[%clk 01:11:57]} {[%emt 00:06:19]} O-O {[%clk 01:06:00]} {[%emt 00:02:30]} 14.
Ne4 {[%clk 01:08:26]} {[%emt 00:04:01]} Qd7 {[%clk 01:01:03]} {[%emt 00:05:20]}
15. Rd1 {[%clk 01:01:52]} {[%emt 00:07:10]} Qc7 {[%clk 00:51:44]} {[%emt
00:09:49]} 16. h3 {[%clk 00:55:15]} {[%emt 00:07:07]} Bh5 {[%clk 00:48:36]}
{[%emt 00:03:38]} 17. Ng3 {[%clk 00:52:03]} {[%emt 00:03:41]} Bxf3 {[%clk
00:46:08]} {[%emt 00:02:59]} 18. Qxf3 {[%clk 00:50:32]} {[%emt 00:02:01]} Ne5
{[%clk 00:40:04]} {[%emt 00:06:34]} 19. Qf4 {[%clk 00:47:07]} {[%emt 00:03:53]}
Bd6 {[%clk 00:35:30]} {[%emt 00:05:05]} 20. Bc2 {[%clk 00:43:17]} {[%emt
00:04:21]} Rad8 {[%clk 00:29:42]} {[%emt 00:06:13]} 21. Ne4 {[%clk 00:34:39]}
{[%emt 00:09:14]} Ng6 {[%clk 00:22:43]} {[%emt 00:07:28]} 22. Qf3 {[%clk
00:30:41]} {[%emt 00:04:27]} Bh2+ {[%clk 00:18:54]} {[%emt 00:04:21]} 23. Kh1
{[%clk 00:28:55]} {[%emt 00:02:16]} Rxd1+ {[%clk 00:18:38]} {[%emt 00:00:46]}
24. Qxd1 {[%clk 00:26:32]} {[%emt 00:02:48]} Bf4 {[%clk 00:15:37]} {[%emt
00:03:36]} 25. Qh5 {[%clk 00:20:28]} {[%emt 00:06:33]} Bxc1 {[%clk 00:13:43]}
{[%emt 00:02:24]} 26. Rxc1 {[%clk 00:20:23]} {[%emt 00:00:34]} f6 {[%clk
00:08:12]} {[%emt 00:06:02]} 27. g3 {[%clk 00:10:08]} {[%emt 00:10:45]} Qc6
{[%clk 00:07:44]} {[%emt 00:00:59]} 28. Kh2 {[%clk 00:09:27]} {[%emt 00:01:10]}
Nc4 {[%clk 00:06:42]} {[%emt 00:01:33]} 29. b3 {[%clk 00:08:29]} {[%emt
00:01:29]} Nd6 {[%clk 00:05:42]} {[%emt 00:01:29]} 30. Nxd6 {[%clk 00:07:38]}
{[%emt 00:01:21]} Qxd6 {[%clk 00:06:08]} {[%emt 00:00:04]} 31. Bxg6 {[%clk
00:07:36]} {[%emt 00:00:31]} hxg6 {[%clk 00:06:32]} {[%emt 00:00:08]} 32. Qxg6
{[%clk 00:07:44]} {[%emt 00:00:21]} Qd2 {[%clk 00:06:46]} {[%emt 00:00:16]} 33.
Qc2 {[%clk 00:08:06]} {[%emt 00:00:07]} Rd8 {[%clk 00:06:44]} {[%emt 00:00:32]}
34. a4 {[%emt 00:01:21]} b6 {[%clk 00:06:45]} {[%emt 00:00:28]} 35. Kg1 {[%clk
00:04:46]} {[%emt 00:03:00]} Qd6 {[%clk 00:06:24]} {[%emt 00:00:51]} 36. Qe2
{[%clk 00:04:41]} {[%emt 00:00:35]} Rc8 {[%clk 00:05:47]} {[%emt 00:01:07]} 37.
c4 {[%clk 00:04:08]} {[%emt 00:01:03]} Kf7 {[%clk 00:05:35]} {[%emt 00:00:42]}
38. Rd1 {[%clk 00:03:52]} {[%emt 00:00:46]} Qc7 {[%clk 00:05:31]} {[%emt
00:00:34]} 39. Qh5+ {[%clk 00:02:43]} {[%emt 00:01:39]} Ke7 {[%clk 00:05:48]}
{[%emt 00:00:13]} 40. Qh7 {[%clk 00:02:51]} {[%emt 00:00:21]} Kf7 {[%clk
00:06:13]} {[%emt 00:00:06]} 41. Qh5+ {[%clk 00:01:22]} {[%emt 00:01:59]} Ke7
{[%clk 00:03:21]} {[%emt 00:03:22]} 42. Rd4 {[%clk 00:28:47]} {[%emt 00:03:03]}
Qc5 {[%clk 00:28:43]} {[%emt 00:05:09]} 43. Qxc5+ {[%clk 00:28:39]} {[%emt
00:00:38]} bxc5 {[%clk 00:28:53]} {[%emt 00:00:20]} 44. Rd3 {[%clk 00:28:24]}
{[%emt 00:00:45]} a5 {[%clk 00:27:55]} {[%emt 00:01:28]} 45. f4 {[%clk
00:24:47]} {[%emt 00:04:06]} g6 {[%clk 00:26:55]} {[%emt 00:01:31]} 46. g4
{[%clk 00:24:42]} {[%emt 00:00:35]} Rc6 {[%clk 00:23:45]} {[%emt 00:03:40]} 47.
Kf2 {[%clk 00:23:19]} {[%emt 00:01:53]} g5 {[%clk 00:21:22]} {[%emt 00:02:53]}
48. f5 {[%clk 00:21:16]} {[%emt 00:02:32]} e5 {[%emt 00:07:28]} 1/2-1/2

[Event "ODJM B 2025"]
[Site "Willingen GER"]
[Date "2025.06.10"]
[Round "4"]
[White "Kandora, William"]
[Black "Matsarski, David"]
[Result "0-1"]
[Termination "normal"]
[Board "47"]
[WhiteElo "1570"]
[BlackElo "1723"]
[WhiteClock "00:17:28"]
[BlackClock "01:03:03"]
[PlyCount "104"]
[WhiteFideId "34684247"]
[BlackFideId "34663355"]
[EventCountry "GER"]
[EventRounds "9"]
[EventType "swiss"]
[EventDate "2025.06.07"]

1. c4 {[%clk 01:30:55]} {[%emt 00:00:04]} c5 {[%clk 01:30:28]} {[%emt
00:00:33]} 2. g3 {[%clk 01:30:14]} {[%emt 00:01:10]} Nf6 {[%clk 01:30:47]}
{[%emt 00:00:10]} 3. Bg2 {[%clk 01:30:35]} {[%emt 00:00:09]} d5 {[%clk
01:31:10]} {[%emt 00:00:08]} 4. cxd5 {[%clk 01:30:24]} {[%emt 00:00:40]} Nxd5
{[%clk 01:31:36]} {[%emt 00:00:04]} 5. Nc3 {[%clk 01:29:32]} {[%emt 00:01:22]}
Nc7 {[%clk 01:32:03]} {[%emt 00:00:04]} 6. Nf3 {[%clk 01:26:37]} {[%emt
00:03:24]} Nc6 {[%clk 01:31:38]} {[%emt 00:00:56]} 7. O-O {[%clk 01:26:34]}
{[%emt 00:00:32]} e5 {[%clk 01:31:39]} {[%emt 00:00:29]} 8. e4 {[%clk
01:23:55]} {[%emt 00:03:09]} Be7 {[%clk 01:30:54]} {[%emt 00:01:15]} 9. d3
{[%clk 01:16:37]} {[%emt 00:07:49]} Be6 {[%clk 01:31:11]} {[%emt 00:00:12]} 10.
b3 {[%clk 01:08:24]} {[%emt 00:08:43]} f6 {[%clk 01:31:19]} {[%emt 00:00:23]}
11. Bb2 {[%clk 01:08:26]} {[%emt 00:00:28]} Qd7 {[%clk 01:30:15]} {[%emt
00:01:33]} 12. Qd2 {[%clk 01:07:00]} {[%emt 00:01:55]} Nb4 {[%clk 01:30:12]}
{[%emt 00:00:33]} 13. Rfd1 {[%clk 01:02:30]} {[%emt 00:05:00]} Bg4 {[%clk
01:28:50]} {[%emt 00:01:53]} 14. a3 {[%clk 01:02:09]} {[%emt 00:00:51]} Nc6
{[%clk 01:29:10]} {[%emt 00:00:10]} 15. Nd5 {[%clk 01:02:02]} {[%emt 00:00:36]}
Be6 {[%clk 01:25:31]} {[%emt 00:04:09]} 16. Nxe7 {[%clk 00:59:56]} {[%emt
00:02:34]} Kxe7 {[%clk 01:24:11]} {[%emt 00:01:52]} 17. b4 {[%clk 00:59:00]}
{[%emt 00:01:26]} Bb3 {[%clk 01:23:21]} {[%emt 00:01:19]} 18. Rdc1 {[%clk
00:58:19]} {[%emt 00:01:12]} cxb4 {[%clk 01:21:43]} {[%emt 00:02:08]} 19. axb4
{[%clk 00:58:36]} {[%emt 00:00:12]} Nb5 {[%clk 01:20:27]} {[%emt 00:01:47]} 20.
Ba3 {[%clk 00:50:09]} {[%emt 00:08:57]} Rhd8 {[%clk 01:17:39]} {[%emt
00:03:17]} 21. Rc3 {[%clk 00:45:32]} {[%emt 00:05:06]} Be6 {[%clk 01:13:29]}
{[%emt 00:04:41]} 22. Rc5 {[%clk 00:44:21]} {[%emt 00:01:42]} a6 {[%clk
01:11:56]} {[%emt 00:02:03]} 23. Ne1 {[%clk 00:37:56]} {[%emt 00:06:54]} Qd4
{[%clk 01:10:22]} {[%emt 00:02:05]} 24. Rcc1 {[%clk 00:33:09]} {[%emt
00:05:17]} Nxa3 {[%clk 01:07:04]} {[%emt 00:03:47]} 25. Rxa3 {[%clk 00:33:20]}
{[%emt 00:00:20]} Qxb4 {[%clk 01:05:50]} {[%emt 00:01:45]} 26. Rac3 {[%clk
00:32:17]} {[%emt 00:01:32]} a5 {[%clk 01:05:09]} {[%emt 00:01:12]} 27. Nf3
{[%clk 00:31:57]} {[%emt 00:00:48]} a4 {[%clk 01:04:52]} {[%emt 00:00:47]} 28.
Rxc6 {[%clk 00:32:03]} {[%emt 00:00:24]} Qxd2 {[%clk 01:04:24]} {[%emt
00:00:58]} 29. Rc7+ {[%clk 00:32:26]} {[%emt 00:00:08]} Rd7 {[%clk 01:04:03]}
{[%emt 00:00:51]} 30. Nxd2 {[%clk 00:31:58]} {[%emt 00:00:58]} a3 {[%clk
01:03:33]} {[%emt 00:01:00]} 31. Rxd7+ {[%clk 00:32:00]} {[%emt 00:00:28]} Kxd7
{[%clk 01:03:56]} {[%emt 00:00:07]} 32. Nc4 {[%clk 00:32:23]} {[%emt 00:00:08]}
Ra6 {[%clk 01:02:38]} {[%emt 00:01:44]} 33. Ra1 {[%clk 00:31:06]} {[%emt
00:01:50]} a2 {[%clk 01:02:57]} {[%emt 00:00:11]} 34. Bf1 {[%clk 00:29:53]}
{[%emt 00:01:42]} b5 {[%clk 01:03:03]} {[%emt 00:00:25]} 35. Nb2 {[%clk
00:30:11]} {[%emt 00:00:12]} Rc6 {[%clk 01:02:43]} {[%emt 00:00:49]} 36. d4
{[%clk 00:29:41]} {[%emt 00:01:00]} Rc2 {[%clk 01:02:23]} {[%emt 00:00:50]} 37.
Bxb5+ {[%clk 00:26:55]} {[%emt 00:03:16]} Kc7 {[%clk 01:02:27]} {[%emt
00:00:26]} 38. Nd1 {[%clk 00:27:00]} {[%emt 00:00:25]} exd4 {[%clk 01:01:49]}
{[%emt 00:01:08]} 39. Bd3 {[%clk 00:27:13]} {[%emt 00:00:16]} Rd2 {[%clk
01:01:33]} {[%emt 00:00:48]} 40. Bb5 {[%clk 00:23:20]} {[%emt 00:04:22]} Bb3
{[%clk 01:00:31]} {[%emt 00:01:32]} 41. Be2 {[%clk 00:14:35]} {[%emt 00:09:15]}
Rxe2 {[%clk 01:00:39]} {[%emt 00:00:22]} 42. f4 {[%clk 00:14:58]} {[%emt
00:00:07]} Bxd1 {[%clk 01:00:30]} {[%emt 00:00:39]} 43. Rxd1 {[%clk 00:15:17]}
{[%emt 00:00:11]} Rb2 {[%clk 01:00:00]} {[%emt 00:00:59]} 44. e5 {[%clk
00:15:27]} {[%emt 00:00:20]} Rb1 {[%clk 01:00:11]} {[%emt 00:00:19]} 45. Kf2
{[%clk 00:15:16]} {[%emt 00:00:42]} Rxd1 {[%clk 01:00:32]} {[%emt 00:00:09]}
46. exf6 {[%clk 00:15:37]} {[%emt 00:00:09]} gxf6 {[%clk 01:00:48]} {[%emt
00:00:14]} 47. g4 {[%clk 00:15:59]} {[%emt 00:00:08]} a1=Q {[%clk 01:01:10]}
{[%emt 00:00:07]} 48. g5 {[%clk 00:16:23]} {[%emt 00:00:06]} Qb2+ {[%clk
01:01:35]} {[%emt 00:00:05]} 49. Kf3 {[%clk 00:16:41]} {[%emt 00:00:13]} f5
{[%clk 01:02:00]} {[%emt 00:00:05]} 50. Kg3 {[%clk 00:16:58]} {[%emt 00:00:12]}
Rg1+ {[%clk 01:02:19]} {[%emt 00:00:10]} 51. Kh3 {[%clk 00:17:04]} {[%emt
00:00:26]} Qg2+ {[%clk 01:02:40]} {[%emt 00:00:08]} 52. Kh4 {[%clk 00:17:28]}
{[%emt 00:00:06]} Qxh2# {[%clk 01:03:03]} {[%emt 00:00:08]} 0-1

[Event "ODJM B 2025"]
[Site "Willingen GER"]
[Date "2025.06.10"]
[Round "4"]
[White "Claussen, Alexander"]
[Black "Dintinger, Ata Lucien"]
[Result "1-0"]
[Termination "normal"]
[Board "48"]
[WhiteElo "1654"]
[BlackElo "1557"]
[WhiteClock "00:22:13"]
[BlackClock "00:41:49"]
[PlyCount "59"]
[WhiteFideId "16248910"]
[BlackFideId "34654550"]
[EventCountry "GER"]
[EventRounds "9"]
[EventType "swiss"]
[EventDate "2025.06.07"]

1. d4 {[%clk 01:30:54]} {[%emt 00:00:05]} d5 {[%clk 01:30:38]} {[%emt
00:00:24]} 2. Nf3 {[%clk 01:31:20]} {[%emt 00:00:04]} Nf6 {[%clk 01:30:35]}
{[%emt 00:00:32]} 3. e3 {[%clk 01:31:45]} {[%emt 00:00:05]} e6 {[%clk
01:30:35]} {[%emt 00:00:30]} 4. Bd3 {[%clk 01:32:09]} {[%emt 00:00:06]} c5
{[%clk 01:30:43]} {[%emt 00:00:23]} 5. c3 {[%clk 01:32:33]} {[%emt 00:00:06]}
c4 {[%clk 01:30:52]} {[%emt 00:00:21]} 6. Bc2 {[%clk 01:32:58]} {[%emt
00:00:05]} b5 {[%clk 01:31:06]} {[%emt 00:00:16]} 7. Ne5 {[%clk 01:33:21]}
{[%emt 00:00:07]} Nbd7 {[%clk 01:31:01]} {[%emt 00:00:35]} 8. f4 {[%clk
01:33:44]} {[%emt 00:00:08]} Bb7 {[%clk 01:31:05]} {[%emt 00:00:25]} 9. Nd2
{[%clk 01:34:07]} {[%emt 00:00:07]} Nxe5 {[%clk 01:30:14]} {[%emt 00:01:22]}
10. fxe5 {[%clk 01:34:29]} {[%emt 00:00:07]} Ne4 {[%clk 01:30:20]} {[%emt
00:00:24]} 11. Nxe4 {[%clk 01:23:57]} {[%emt 00:11:02]} dxe4 {[%clk 01:30:37]}
{[%emt 00:00:13]} 12. O-O {[%clk 01:23:23]} {[%emt 00:01:05]} g6 {[%clk
01:29:00]} {[%emt 00:02:06]} 13. Qg4 {[%clk 01:23:35]} {[%emt 00:00:19]} Bg7
{[%clk 01:21:54]} {[%emt 00:07:36]} 14. Bxe4 {[%clk 01:19:55]} {[%emt
00:04:09]} Bxe4 {[%clk 01:22:14]} {[%emt 00:00:09]} 15. Qxe4 {[%clk 01:20:22]}
{[%emt 00:00:04]} O-O {[%clk 01:22:29]} {[%emt 00:00:15]} 16. Qg4 {[%clk
01:18:27]} {[%emt 00:02:24]} f5 {[%clk 01:17:36]} {[%emt 00:05:25]} 17. exf6
{[%clk 01:18:30]} {[%emt 00:00:27]} Rxf6 {[%clk 01:17:52]} {[%emt 00:00:13]}
18. Bd2 {[%clk 01:18:23]} {[%emt 00:00:37]} h5 {[%clk 01:16:47]} {[%emt
00:01:35]} 19. Qg3 {[%clk 01:12:49]} {[%emt 00:06:04]} e5 {[%clk 01:10:39]}
{[%emt 00:06:38]} 20. Rxf6 {[%clk 01:06:10]} {[%emt 00:07:09]} Qxf6 {[%clk
01:10:43]} {[%emt 00:00:26]} 21. Rf1 {[%clk 01:06:36]} {[%emt 00:00:04]} Qe6
{[%clk 01:08:52]} {[%emt 00:02:20]} 22. Qg5 {[%clk 00:34:55]} {[%emt 00:32:11]}
exd4 {[%clk 01:07:55]} {[%emt 00:01:29]} 23. exd4 {[%clk 00:34:25]} {[%emt
00:01:00]} b4 {[%clk 00:55:24]} {[%emt 00:13:01]} 24. Re1 {[%clk 00:29:12]}
{[%emt 00:05:43]} Qc6 {[%clk 00:50:45]} {[%emt 00:05:10]} 25. Qe7 {[%clk
00:22:45]} {[%emt 00:06:55]} a5 {[%clk 00:46:32]} {[%emt 00:04:43]} 26. Re6
{[%clk 00:22:24]} {[%emt 00:00:51]} Qa4 {[%clk 00:42:24]} {[%emt 00:04:38]} 27.
Rxg6 {[%clk 00:21:42]} {[%emt 00:01:12]} Qd1+ {[%clk 00:42:44]} {[%emt
00:00:11]} 28. Be1 {[%clk 00:21:57]} {[%emt 00:00:15]} Ra7 {[%clk 00:41:27]}
{[%emt 00:01:47]} 29. Rxg7+ {[%clk 00:22:13]} {[%emt 00:00:13]} Kh8 {[%clk
00:41:49]} {[%emt 00:00:08]} 30. Qf8# {[%emt 00:00:19]} 1-0

[Event "ODJM B 2025"]
[Site "Willingen GER"]
[Date "2025.06.10"]
[Round "4"]
[White "Franke, Moritz"]
[Black "Hoffmann, Sophia"]
[Result "1/2-1/2"]
[Termination "normal"]
[Board "49"]
[WhiteElo "1627"]
[BlackElo "1664"]
[WhiteClock "01:01:46"]
[BlackClock "00:00:52"]
[PlyCount "92"]
[WhiteFideId "34629475"]
[BlackFideId "16259130"]
[EventCountry "GER"]
[EventRounds "9"]
[EventType "swiss"]
[EventDate "2025.06.07"]

1. e4 {[%clk 01:30:57]} {[%emt 00:00:02]} e5 {[%clk 01:30:55]} {[%emt
00:00:06]} 2. Nf3 {[%clk 01:31:22]} {[%emt 00:00:05]} Nc6 {[%clk 01:31:21]}
{[%emt 00:00:03]} 3. Bc4 {[%clk 01:31:46]} {[%emt 00:00:07]} Be7 {[%clk
01:31:46]} {[%emt 00:00:05]} 4. d4 {[%clk 01:22:33]} {[%emt 00:09:43]} d6
{[%clk 01:30:19]} {[%emt 00:01:57]} 5. dxe5 {[%clk 01:21:23]} {[%emt 00:01:40]}
dxe5 {[%clk 01:30:20]} {[%emt 00:00:29]} 6. Qxd8+ {[%clk 01:21:38]} {[%emt
00:00:15]} Bxd8 {[%clk 01:30:01]} {[%emt 00:00:50]} 7. Nc3 {[%clk 01:19:48]}
{[%emt 00:02:19]} Bg4 {[%clk 01:24:35]} {[%emt 00:05:55]} 8. Ng5 {[%clk
01:16:47]} {[%emt 00:03:31]} Bh5 {[%clk 01:12:46]} {[%emt 00:12:19]} 9. f3
{[%clk 01:16:34]} {[%emt 00:00:44]} Nd4 {[%clk 01:09:49]} {[%emt 00:03:26]} 10.
Bd3 {[%clk 01:16:00]} {[%emt 00:01:04]} Ne7 {[%clk 01:04:21]} {[%emt 00:05:58]}
11. h4 {[%clk 01:14:24]} {[%emt 00:02:07]} h6 {[%clk 00:56:13]} {[%emt
00:08:38]} 12. Nh3 {[%clk 01:12:50]} {[%emt 00:02:03]} Ng6 {[%clk 00:54:34]}
{[%emt 00:02:09]} 13. Be3 {[%clk 01:12:22]} {[%emt 00:00:58]} Nxh4 {[%clk
00:51:35]} {[%emt 00:03:30]} 14. Rg1 {[%clk 01:11:58]} {[%emt 00:00:52]} Nhxf3+
{[%clk 00:49:19]} {[%emt 00:02:48]} 15. gxf3 {[%clk 01:12:18]} {[%emt
00:00:10]} Nxf3+ {[%clk 00:49:45]} {[%emt 00:00:04]} 16. Kf1 {[%clk 01:12:29]}
{[%emt 00:00:16]} Nxg1 {[%clk 00:49:25]} {[%emt 00:00:52]} 17. Nxg1 {[%clk
01:12:42]} {[%emt 00:00:17]} c6 {[%clk 00:45:15]} {[%emt 00:04:41]} 18. Be2
{[%clk 01:11:23]} {[%emt 00:01:48]} Bxe2+ {[%clk 00:44:43]} {[%emt 00:01:03]}
19. Ngxe2 {[%clk 01:11:45]} {[%emt 00:00:07]} Bb6 {[%clk 00:44:00]} {[%emt
00:01:13]} 20. Bxb6 {[%clk 01:11:59]} {[%emt 00:00:16]} axb6 {[%clk 00:44:27]}
{[%emt 00:00:04]} 21. Kf2 {[%clk 01:11:53]} {[%emt 00:00:36]} O-O-O {[%clk
00:43:17]} {[%emt 00:01:40]} 22. Ke3 {[%clk 01:11:55]} {[%emt 00:00:27]} g5
{[%clk 00:42:55]} {[%emt 00:00:52]} 23. Ng3 {[%clk 01:12:17]} {[%emt 00:00:07]}
g4 {[%clk 00:39:59]} {[%emt 00:03:27]} 24. Rh1 {[%clk 01:10:29]} {[%emt
00:02:14]} Rd6 {[%clk 00:37:29]} {[%emt 00:03:04]} 25. Nf5 {[%clk 01:10:33]}
{[%emt 00:00:26]} Rf6 {[%clk 00:36:41]} {[%emt 00:01:17]} 26. Ne2 {[%clk
01:10:46]} {[%emt 00:00:19]} Kc7 {[%clk 00:27:48]} {[%emt 00:09:22]} 27. Rh4
{[%clk 01:11:03]} {[%emt 00:00:13]} Rg6 {[%clk 00:26:23]} {[%emt 00:01:55]} 28.
Neg3 {[%clk 01:09:24]} {[%emt 00:02:08]} Kd7 {[%clk 00:21:37]} {[%emt
00:05:17]} 29. Nh5 {[%clk 01:07:55]} {[%emt 00:01:59]} b5 {[%clk 00:19:43]}
{[%emt 00:02:24]} 30. Rxg4 {[%clk 01:07:56]} {[%emt 00:00:29]} b4 {[%clk
00:15:59]} {[%emt 00:04:14]} 31. Nh4 {[%clk 01:07:12]} {[%emt 00:01:14]} Rxg4
{[%clk 00:14:33]} {[%emt 00:01:57]} 32. Nf6+ {[%clk 01:07:34]} {[%emt
00:00:07]} Ke6 {[%clk 00:14:21]} {[%emt 00:00:42]} 33. Nxg4 {[%clk 01:07:57]}
{[%emt 00:00:08]} h5 {[%clk 00:14:20]} {[%emt 00:00:31]} 34. Nf2 {[%clk
01:07:50]} {[%emt 00:00:36]} Ra8 {[%clk 00:13:51]} {[%emt 00:00:59]} 35. Nd3
{[%clk 01:07:29]} {[%emt 00:00:51]} Rxa2 {[%clk 00:13:41]} {[%emt 00:00:41]}
36. Nxb4 {[%clk 01:07:42]} {[%emt 00:00:17]} Rxb2 {[%clk 00:13:48]} {[%emt
00:00:23]} 37. c3 {[%clk 01:07:55]} {[%emt 00:00:16]} Rh2 {[%clk 00:12:16]}
{[%emt 00:02:02]} 38. Nf3 {[%clk 01:08:12]} {[%emt 00:00:13]} Rh1 {[%clk
00:11:47]} {[%emt 00:00:59]} 39. Nd3 {[%clk 01:08:28]} {[%emt 00:00:14]} Rb1
{[%clk 00:06:21]} {[%emt 00:05:53]} 40. Ndxe5 {[%clk 01:03:33]} {[%emt
00:05:27]} f5 {[%clk 00:05:08]} {[%emt 00:01:43]} 41. Nd3 {[%clk 01:03:33]}
{[%emt 00:00:31]} fxe4 {[%clk 00:03:26]} {[%emt 00:02:12]} 42. Kxe4 {[%clk
01:03:49]} {[%emt 00:00:12]} Kf6 {[%clk 00:03:12]} {[%emt 00:00:45]} 43. Kf4
{[%clk 01:02:18]} {[%emt 00:01:59]} Rb3 {[%emt 00:02:49]} 44. Nc5 {[%clk
01:01:44]} Rb5 {[%clk 00:01:35]} {[%emt 00:00:55]} 45. Ne4+ {[%clk 01:01:26]}
{[%emt 00:00:48]} Ke6 {[%clk 00:00:38]} {[%emt 00:01:21]} 46. Nd4+ {[%clk
01:01:46]} {[%emt 00:00:16]} Kd5 {[%clk 00:00:52]} 1/2-1/2